Cities and climate change

Salvato in:
Dettagli Bibliografici
Natura: Libro
Lingua:inglese
Pubblicazione: Paris OECD 2010
Soggetti:
Tags: Aggiungi Tag
Nessun Tag, puoi essere il primo ad aggiungerne!!

MARC

LEADER 00000nam a2200000 4500
001 0126891
005 20221108071147.5
020 |a 978-92-64-06366-2 
041 0 |a eng 
044 |a FR 
245 1 0 |a Cities and climate change 
264 1 |a Paris  |b OECD  |c 2010 
300 |a 274 s. 
610 2 0 |a mestá 
610 2 0 |a aktivita hospodárska 
610 2 0 |a znečistenie prostredia životného 
610 2 0 |a zmeny klimatické 
610 2 0 |a urbanizácia 
610 2 0 |a opatrenia racionalizačné 
610 2 0 |a správa miestna 
610 2 0 |a regióny 
610 2 0 |a ochrana prostredia životného